[Event "ODEM U25B 2011"]
[Site "Oberhof GER"]
[Date "2011.06.14"]
[Round "4"]
[White "Möller, Jared William"]
[Black "Topf, Robin"]
[Result "0-1"]
[Termination "normal"]
[Board "30"]
[WhiteElo "893"]
[BlackElo "1079"]
[PlyCount "88"]
[EventCountry "GER"]
[EventRounds "9"]
[EventType "swiss"]
[EventDate "2011.06.11"]

1. e4 e5 2. Nf3 Nc6 3. Bc4 Bc5 4. Nxe5 Nxe5 5. d4 Bxd4 6. Qxd4 Nxc4 7. Qxg7 Qf6
8. Qxf6 Nxf6 9. b3 Nb6 10. Bb2 Ke7 11. O-O Rg8 12. Bxf6+ Kxf6 13. Nc3 Ke7 14.
Nb5 c6 15. Nc7 Rb8 16. Rad1 Kd8 17. Nd5 cxd5 18. exd5 Re8 19. d6 Re6 20. Rfe1
Na8 21. Rxe6 dxe6 22. d7 Bxd7 23. c4 Nb6 24. a4 Ke7 25. a5 Nc8 26. c5 b6 27.
cxb6 axb6 28. a6 Ra8 29. Ra1 Bb5 30. a7 Rxa7 31. Rxa7+ Nxa7 32. g4 Bd3 33. Kg2
Bc2 34. b4 Nc6 35. b5 Na7 36. Kg3 Nxb5 37. f4 Nd4 38. Kh4 b5 39. Kh5 b4 40. Kh6
b3 41. g5 b2 42. h4 b1=Q 43. h5 Bg6 44. f5 Nxf5# 0-1

[Event "ODEM U25B 2011"]
[Site "Oberhof GER"]
[Date "2011.06.14"]
[Round "4"]
[White "Bruns, Tim-Sebastian"]
[Black "Hallbauer, Emil Karlsson"]
[Result "0-1"]
[Termination "normal"]
[Board "31"]
[WhiteElo "1075"]
[BlackElo "856"]
[PlyCount "46"]
[EventCountry "GER"]
[EventRounds "9"]
[EventType "swiss"]
[EventDate "2011.06.11"]

1. e4 d6 2. d4 Nf6 3. Nc3 g6 4. Nf3 Bg7 5. Bc4 Nc6 6. Bg5 Bg4 7. h3 Bxf3 8.
Qxf3 Nxd4 9. Qe3 Nxc2+ 10. Kd1 Nxe3+ 11. Bxe3 Nxe4 12. Nxe4 d5 13. Bb5+ c6 14.
Ke2 cxb5 15. Rhd1 O-O 16. Bc5 Re8 17. Nc3 Qa5 18. Nxd5 Bf6 19. a4 Rac8 20. b4
Qa6 21. axb5 Qe6+ 22. Be3 Bxa1 23. Nf4 Rc2+ 0-1

[Event "ODEM U25B 2011"]
[Site "Oberhof GER"]
[Date "2011.06.14"]
[Round "4"]
[White "Holle, Niklas"]
[Black "ter Stal, Esther"]
[Result "0-1"]
[Termination "normal"]
[Board "32"]
[WhiteElo "1060"]
[BlackElo "847"]
[PlyCount "90"]
[BlackFideId "12944467"]
[EventCountry "GER"]
[EventRounds "9"]
[EventType "swiss"]
[EventDate "2011.06.11"]

1. e4 c6 2. d4 d5 3. f3 e6 4. Bf4 Nf6 5. Nc3 Bb4 6. e5 Nfd7 7. Nge2 O-O 8. Qd3
c5 9. dxc5 Nxc5 10. Qd4 Bxc3+ 11. Nxc3 Nbd7 12. O-O-O Qe7 13. Bb5 a6 14. Bxd7
Bxd7 15. Be3 Rfc8 16. h4 b5 17. g4 a5 18. h5 g5 19. hxg6 fxg6 20. f4 b4 21. Ne2
Ne4 22. f5 Qg7 23. Bh6 Qf7 24. fxe6 Bxe6 25. Rdf1 Qe7 26. Rhg1 Qh4 27. g5 Qh2
28. Qb6 Qxe5 29. Nd4 Bh3 30. Rf3 Qh2 31. Rd1 Bg4 32. Nc6 Qc7 33. Qxc7 Rxc7 34.
Ne5 Bxf3 35. Nxf3 Rac8 36. Rxd5 Rxc2+ 37. Kd1 Rc1+ 38. Ke2 R1c2+ 39. Ke3 Ng3
40. Ne5 Rxb2 41. Rd7 Rc3+ 42. Kf4 Nh5+ 43. Kg4 Rg2+ 44. Kh4 Rh2+ 45. Kg4 Rg3#
0-1

[Event "ODEM U25B 2011"]
[Site "Oberhof GER"]
[Date "2011.06.14"]
[Round "4"]
[White "Michalowski, Sophia"]
[Black "Jansen, Nina"]
[Result "1/2-1/2"]
[Termination "normal"]
[Board "33"]
[WhiteElo "1014"]
[BlackElo "1478"]
[PlyCount "64"]
[WhiteFideId "12902454"]
[BlackFideId "12934500"]
[EventCountry "GER"]
[EventRounds "9"]
[EventType "swiss"]
[EventDate "2011.06.11"]

1. d4 d5 2. e3 Bd7 3. f4 Nf6 4. Bd3 Nc6 5. Nd2 e6 6. Ngf3 Nb4 7. Qe2 Bd6 8. O-O
O-O 9. c3 Nxd3 10. Qxd3 c5 11. Ne5 c4 12. Qe2 b5 13. e4 Re8 14. Nxd7 Nxd7 15.
e5 Bc7 16. Qh5 Nf8 17. f5 exf5 18. Qxf5 Qd7 19. Qg5 Bd8 20. Qe3 Ng6 21. b3 Qg4
22. h3 Bg5 23. hxg4 Bxe3+ 24. Kh1 Bxd2 25. Bxd2 a5 26. bxc4 bxc4 27. Bc1 Kf8
28. Ba3+ Kg8 29. Bd6 h6 30. Rab1 Re6 31. Rb7 f6 32. a4 Kh8 1/2-1/2

[Event "ODEM U25B 2011"]
[Site "Oberhof GER"]
[Date "2011.06.14"]
[Round "4"]
[White "Lilienthal, Niels Bennett"]
[Black "Kalina, Joshua"]
[Result "1-0"]
[Termination "normal"]
[Board "34"]
[WhiteElo "853"]
[BlackElo "750"]
[PlyCount "89"]
[WhiteFideId "16205421"]
[EventCountry "GER"]
[EventRounds "9"]
[EventType "swiss"]
[EventDate "2011.06.11"]

1. e4 e5 2. Nf3 Nc6 3. Bb5 Nf6 4. Nc3 Bb4 5. a3 Bc5 6. Bxc6 dxc6 7. O-O Bg4 8.
h3 Bh5 9. d3 Qd7 10. Nxe5 Qe6 11. Nf3 Qd6 12. Re1 Bg4 13. e5 Qd7 14. exf6+ Kd8
15. Ne5 Bxf2+ 16. Kf1 Bxd1 17. Nxd7 Bxe1 18. Kxe1 Bh5 19. fxg7 Rg8 20. Nf6 Ke7
21. Nxg8+ Rxg8 22. Bh6 Kf6 23. Kd2 Kg6 24. Bf4 Rxg7 25. Bxc7 Kf5 26. g4+ Kg5
27. gxh5 f5 28. Rg1+ Kf6 29. Be5+ Kxe5 30. Rxg7 Kf4 31. Rxh7 Kf3 32. Ne2 b5 33.
Rxa7 f4 34. Rf7 c5 35. Rxf4+ Kg2 36. Rf5 b4 37. Rxc5 bxa3 38. bxa3 Kf3 39. a4
Kg2 40. h6 Kxh3 41. h7 Kg4 42. h8=R Kf3 43. Re5 Kg4 44. Rg8+ Kf3 45. Rf5# 1-0

[Event "ODEM U25B 2011"]
[Site "Oberhof GER"]
[Date "2011.06.14"]
[Round "4"]
[White "Schumacher, Aaron"]
[Black "Binner, Jule"]
[Result "0-1"]
[Termination "normal"]
[Board "36"]
[WhiteElo "788"]
[BlackElo "831"]
[PlyCount "72"]
[BlackFideId "16205332"]
[EventCountry "GER"]
[EventRounds "9"]
[EventType "swiss"]
[EventDate "2011.06.11"]

1. d4 d6 2. Bf4 g6 3. e3 Bg7 4. Nf3 Nf6 5. c3 O-O 6. Bd3 Nbd7 7. Nbd2 a6 8. O-O
b5 9. Qc2 c5 10. Ne4 c4 11. Nxf6+ Nxf6 12. Be2 Nd7 13. b3 cxb3 14. Qxb3 e5 15.
dxe5 dxe5 16. Bg5 Qe8 17. e4 Nc5 18. Qd5 Nb7 19. c4 Qd7 20. cxb5 axb5 21. Bxb5
Qxd5 22. exd5 e4 23. Be7 exf3 24. Bxf8 Bxa1 25. Rxa1 Kxf8 26. gxf3 Ra5 27. Bc4
Nd6 28. Bb3 Bb7 29. Rd1 Ke7 30. Kg2 Kf6 31. Rd4 Ke5 32. Rh4 Bxd5 33. Bxd5 Kxd5
34. Rxh7 Rxa2 35. Rg7 Ke6 36. Kg3 Nf5+ 0-1

[Event "ODEM U25B 2011"]
[Site "Oberhof GER"]
[Date "2011.06.14"]
[Round "4"]
[White "Sommer, Konstantin"]
[Black "Reyher, Susan"]
[Result "1/2-1/2"]
[Termination "normal"]
[Board "38"]
[WhiteElo "1502"]
[BlackElo "1320"]
[PlyCount "34"]
[WhiteFideId "12926213"]
[BlackFideId "24686107"]
[EventCountry "GER"]
[EventRounds "9"]
[EventType "swiss"]
[EventDate "2011.06.11"]

1. d4 d5 2. Nf3 Nf6 3. e3 e6 4. Bd3 c5 5. c3 Nc6 6. Nbd2 Bd6 7. O-O O-O 8. dxc5
Bxc5 9. e4 Qc7 10. exd5 exd5 11. Qc2 Bg4 12. h3 Bh5 13. Ng5 Bg6 14. Bxg6 hxg6
15. Ndf3 Nh5 16. Kh1 Rfe8 17. Qd3 Rad8 1/2-1/2